LEADER 01297nam a2200301 i 4500 001 000000136232 003 CaOOAMICUS 005 20050318000000.0 008 050318s2003 it u000 u ita u 013 $a109714 020 $a88-250-1381-7 040 $aSeMil$bita 245 10$aEcologia e liturgia /$cG.L. Brena ... [et al.] ; a cura di Aldo Natale Terrin. 260 $aPadova :$bAbbazia di Santa Giustina,$c2003. 260 $aPadova :$bMessaggero,$c2003. 300 $a331 p. ;$c21 cm. 490 0 $aCaro Salutis Cardo. Contributi ;$v19 650 4$aEcologia e liturgia.$0(OLS)http://semarc/subject/26814 700 1 $aTerrin, Aldo Natale.$0(OLS)http://semarc/name/15564 700 1 $aBrena, Gian Luigi.$0(OLS)http://semarc/name/33920 830 0$aCaro Salutis Cardo. Contributi ;$v19.$0(OLS)http://semarc/title/453 850 $aSeMil 852 $aSeMil$W1$xVenegono$y1$m2NA R 19$j256160$B89850$CSeMilBibl$Z2$F94668 $81 961 $aSottoscrizione: Città Nuova (Agente) 996 $6020$a88-250-1381-7$9(OLS)http://semarc/number/123701 996 $6245$aEcologia e liturgia$9(OLS)http://semarc/title/199088 996 $6260$aPadova :$bMessaggero$9(OLS)http://semarc/publisher/29786 996 $6260$aPadova :$bAbbazia di Santa Giustina$9(OLS)http://semarc/publisher/29796 LEADER 01001nam a2200229 i 4500 001 000000180113 003 CaOOAMICUS 005 20090625000000.0 008 090625s1916 it u000 u fre u 013 $a157758 040 $aSeMil$bita 245 10$aSentiments et actes contraires a cette vertu. Conférences et retraite :$bCarême 1916. 300 $a324 p. 490 0 $aConférences de N.-D. de Paris 500 $aContiene : Appendices. 700 1 $aJanvier, Marie Albert.$0(OLS)http://semarc/name/5992 773 0 $aJanvier, Marie Albert$tExposition de la morale catholique. Morale Spéciale.$dParis : Lethielleux, 1911.$g6$w()21563 773 0 $tCharité.$g3$w()21565 830 0$aConférences de N.-D. de Paris.$0(OLS)http://semarc/title/28556 850 $aSeMil 852 $aSeMil$W1$xVenegono$y1$m3C III 136$j130865$B130865$CSeMilBibl$Z2$F142549 $81 996 $6245$aSentiments et actes contraires a cette vertu. Conférences et retraite :$bCarême 1916$9(OLS)http://semarc/title/258647